000
00270nam a2200109Ia 4500
008
200302s9999 xx 000 0 und d
100
_a
Katrin Hanses
245
_a
Basics construction steel construction
260
_b
Birkhauser Verlag Gmbh
260
_c
2015
300
_a
92
999
_c
7314
_d
7314